00574cam a22002291 4500001001300000003000400013005001700017008004100034010001700075035002000092040001800112042001200130050002400142100002600166245001700192260001100209300003300220500001600253500003900269700001900308999001700327sa 64001107 DLC20260227112000.0890227s1963 xx 000 0 ben  asa 64001107  a(OCoLC)23571170 aDLCcMiUdDLC apremarc00aDS481.G397bA4 19601 aGhose, Atulya,d1904-10aPatrālī. c[1963] a53 p.billus., port.c22 cm. aIn Bengali. aLetters addressed to Mirā Datta.1 aDatta, Mirā. c56575d56575